000 00418nam a2200133Ia 4500
005 20260328104344.0
008 260328s9999||||xx |||||||||||||| ||und||
100 _aSuman, Daniel
245 0 _aCoastal Resources of Bocas del Toro , Panamá :
_b Toueism and Development pressures and the quest for Sustainability /
_cDaniel Suman
260 _bUniversity of mami
300 _a263 p.
650 _aPANAMÁ
942 _cBK
999 _c12229
_d12229